00736cam a2200241 45000010008000000030004000080050017000120080041000290100017000700200015000870400018001020430012001200820016001321000020001482450075001682600046002433000025002895000066003146500024003806510027004046510032004316510031004633150076OSt20230619115458.0740328r19741955ctub 001 0 eng  a 74003746  a0837174694 aDLCcDLCdDLC af-ke---00a301.45bHUX1 aLipscomb, J. F.10aWhite Africans,cby J. F. Lipscomb. With an introd. by Elspeth Huxley. aWestport, Conn.,bGreenwood Pressc[1974] a172 p.bmap.c22 cm. aReprint of the 1955 ed. published by Faber and Faber, London. 0aAgriculturezKenya. 0aKenyaxRace relations. 0aKenyaxEconomic conditions. 0aKenyaxHistoryy1895-1963.